love me more - mitski lyrics - Statistics

General Stats
  • This quiz has been taken 97 times
  • The average score is 213 of 260
Answer Stats
Answer % Correct
i
100%
to
97%
you
97%
me
96%
love
94%
more,
94%
more
94%
need
94%
enough
86%
it
85%
the
85%
up,
85%
up
85%
fill
82%
be
80%
do
79%
verse 1 if
79%
i'm
79%
keep
79%
my
79%
for
77%
make
77%
myself
77%
new
77%
will
77%
years
77%
but
76%
girl
76%
mistake
76%
at
75%
could
75%
fifteen
75%
same
75%
that
75%
when
75%
won't
75%
drown
73%
home
73%
made
73%
out,
73%
out
73%
full
72%
here
72%
not
70%
supposed
70%
there's
70%
else
69%
something
69%
scratch
68%
itch
66%
find
63%
have
63%
this
63%
hand
62%
day
61%
is
61%
another
59%
come
59%
done
59%
verse 2 how
58%
they
58%
then
56%
live?
55%
wonder
55%
people
54%
song
54%
finally
52%
ends
51%
pretend
49%
today
49%
tomorrow
49%
back
48%
pre - chorus here's
48%
other
48%
singing
48%
mine
44%
we'll
41%
clean
35%
down
8%
No matching quizzes found
Score Distribution
Percent of People with Each Score
Percentile by Number Answered
Your Score History
You have not taken this quiz